| 000 | 01378cad a22002175a 4500 | ||
|---|---|---|---|
| 001 | L156901 | ||
| 008 | 120802e2012 xxk 000 0 eng d | ||
| 035 | _a(Sirsi) u156901 | ||
| 041 | 0 | _aeng | |
| 110 |
_aBritish Standards Institution _9130 |
||
| 245 | 0 | 0 |
_aDesign, construction and operational data and process management for the built environment _h[electronic resource] |
| 260 |
_aLondon _bBSI _c2012 |
||
| 490 | _aB/555 Roadmap (2012 Update) | ||
| 520 | _aThis updated roadmap documents and describes the activities of the BSI B/555 committee (design, modelling and data exchange) in support of delivering clear guidance to the UK industry dedicated to providing and operating built assets. It also supports the vision and mission statement of the committee in the reduction of whole life cost, risk, carbon and the timely delivery of buildings and infrastructure projects. The 2012 update also incorporates the activities in support of the government's 2011 BIM strategy. | ||
| 590 | _aKA NTK | ||
| 651 | 4 |
_aUnited Kingdom _y |
|
| 690 | _aDesign and specification | ||
| 690 |
_aBIM _96219 |
||
| 856 | 4 | 0 |
_uhttps://www.bsigroup.com/upload/Standards%20&%20Publications/publications/B555%20(Construction%20design,%20modelling%20and%20data%20exchange%20committee)%20Road%20Map%20for%20future%20projects.pdf _zView the item free of charge at www.bsigroup.com |
| 942 | _n0 | ||
| 999 |
_c114478 _d114478 |
||